000
00326nam a2200133Ia 4500
008
220204s9999 xx 000 0 und d
082
_a
541.117
_b
MOS
100
_a
Moskovits, Martin
245
0
_a
Cryochemistry
260
_a
New York;John Wiley
_c
1976
490
_a
Cryochemistry
700
_a
Ozin, Geoffrey A
942
_c
BK
999
_c
28256
_d
28256